000
00306nam a22001337a 4500
008
190225b xxu||||| |||| 00| 0 eng d
020
_a
394329791
041
_a
eng
080
_a
338
100
_a
52
101
_a
MNG
245
_a
New Introductory Essays in Business Ethics
_c
Regan, T
942
_2
udc
_c
BK
999
_c
54186
_d
54186